000 00761cab a2200229 4500
001 WB2606-35
008 090401t1990 xxu||||| |||| 00| 0 eng d
035 _a(Sirsi) u70919
041 _aeng
245 _aCurb on councils
260 _c1990
350 _a0
490 _aDaily Telegraph
_v8/2/90 p12 Hansard Written Answer 7/2/90 Col 638
520 _aIn a written answer the new Planning Minister has revealed plans to impose stricter controls over local authorities ` planning powers.
650 _aDEVELOPMENT
650 _aLOCAL GOVERNMENT ACT 1972
650 _aTOWN AND COUNTRY PLANNING ACT 1971
650 _aTOWN AND COUNTRY PLANNING GENERAL REGULATIONS 1986
690 _aPLANNING LAW AND PRACTICE
942 _n0
948 _c04/03/1997
999 _c44679
_d44679